000 00523nam a22001935a 4500
001 002798
003 armpunfd
005 20150622153326.0
008 140627s1976####ag############000#0#und#d
080 _a340.12 V 594
100 1 _aVernengo Roberto Jose.
245 1 0 _aCurso de TeorĂ­a General del Derecho /
260 _aBuenos Aires :
_bCooperadora de Derecho y Ciencias Sociales,
_c1976.
300 _a461 P.
650 7 _aTeoria del Derecho
_2LEMB
651 _2LEMB
945 _acd
_d2014-06-27
999 _c3152
_d233656